ნორმალური ფორმატი
MARC ფორმატი
ჩანაწერი Corporate Name
ჩანაწერთა რაოდენობა, რომელიც გამოყენებულია: 3
001 - CONTROL NUMBER
- control field: 1063
003 - CONTROL NUMBER IDENTIFIER
- control field: GE_BSU
005 - DATE AND TIME OF LATEST TRANSACTION
- control field: 20190513150218.0
008 - FIXED-LENGTH DATA ELEMENTS
- fixed length control field: 190513|| aca||aabn | a|a d
040 ## - CATALOGING SOURCE
- Original cataloging agency: GE_BSU
- Transcribing agency: GE_BSU
110 ## - HEADING--CORPORATE NAME
- Corporate name or jurisdiction name as entry element: ივანე ჯავახიშვილის სახელობის თბილისის სახელმწიფო უნივერსიტეტი,
- Subordinate unit: ქართული სახელმწიფო და სახალხო დიპლომატიის ისტორიის სამეცნიერო კვლევითი ცენტრი.
670 ## - SOURCE DATA FOUND
- Source citation: Work cat.: (GE_BSU)36272: ქართული დიპლომატია :
